书目信息 |
| 题名: |
护肤美肤与皮肤病防治160问
|
|
| 作者: | 乐光熙,袁光友 编著 | |
| 分册: | ||
| 出版信息: | 北京 金盾出版社 1991.07 |
|
| 页数: | 228页 | |
| 开本: | 19cm | |
| 丛书名: | ||
| 单 册: | ||
| 中图分类: | R751.01-44 | |
| 科图分类: | ||
| 主题词: | 皮肤病学 , 皮肤病 , 皮炎 | |
| 电子资源: | ||
| ISBN: | 7-80022-317-5 | |
| 000 | 00631nam0 2200205 45 | |
| 001 | 9911301546 | |
| 005 | 19991130153609.3 | |
| 010 | @a7-80022-317-5@d5.90 | |
| 100 | @a19991130d1991 km y0chiy0120 ea | |
| 101 | @achi | |
| 105 | @a z 000yy | |
| 200 | 1 | @a护肤美肤与皮肤病防治160问@AHu Fu Mei Fu Yu Pi Fu Bing Fang Zhi 160 Wen@f乐光熙,袁光友 编著@FYue Guang Xi,Yuan Guang You Bian Zhu |
| 210 | @a北京@c金盾出版社@d1991.07 | |
| 215 | @a228页@c无图表@d19cm | |
| 606 | 0 | @a皮肤病学 |
| 606 | 0 | @a皮肤病 |
| 606 | 0 | @a皮炎 |
| 690 | @aR751.01-44@v3 | |
| 801 | @aCN@bPerfectUser@c19991130 | |
| 905 | @aBZT@b44825-829@f10@dR751.01-44@e1 | |
| 护肤美肤与皮肤病防治160问/乐光熙,袁光友 编著.-北京:金盾出版社,1991.07 |
| 228页:无图表;19cm |
| ISBN 7-80022-317-5:5.90 |
| ● |
| 相关链接 |
|
|
|
正题名:护肤美肤与皮肤病防治160问
索取号:R751.01-44/1
 
预约/预借
| 序号 | 登录号 | 条形码 | 馆藏地/架位号 | 状态 | 备注 |
| 1 | 44825 | 200579604 | 中心书库中库/ 中库014架A面6列1层52/ [索取号:R751.01-44/1] | 在馆 | |
| 2 | 44826 | 200579855 | 中心书库中库/ 中库014架A面6列1层54/ [索取号:R751.01-44/1] | 在馆 | |
| 3 | 44827 | 200579659 | 中心书库中库/ 中库014架A面6列1层55/ [索取号:R751.01-44/1] | 在馆 | |
| 4 | 44828 | 200386787 | 中心书库中库/ 中库014架A面5列7层22/ [索取号:R751.01-44/1] | 在馆 | |
| 5 | 44829 | 200579677 | 中心书库中库/ 中库014架A面6列1层53/ [索取号:R751.01-44/1] | 在馆 | |
| 6 | 48120 | 200580068 | 中心书库中库/ 中库014架A面6列1层50/ [索取号:R751.01-44/1] | 在馆 | |
| 7 | 48121 | 200579935 | 中心书库中库/ 中库014架A面6列1层23/ [索取号:R751.01-44/1] | 在馆 | |
| 8 | 48122 | 200580040 | 中心书库中库/ 中库014架A面6列1层49/ [索取号:R751.01-44/1] | 在馆 | |
| 9 | 48123 | 200580059 | 中心书库中库/ 中库014架A面5列7层17/ [索取号:R751.01-44/1] | 在馆 | |
| 10 | 48124 | 200579953 | 中心书库中库/ 中库014架A面6列1层46/ [索取号:R751.01-44/1] | 在馆 |